| 000 | 00388nam a2200169Ia 4500 | ||
|---|---|---|---|
| 100 | _aKoirala/Shivprasad | ||
| 650 | _aProject Management | ||
| 942 | _cBK | ||
| 366 | _f20 | ||
| 654 | _aproject management | ||
| 245 | _aProject Management:Interview and questions | ||
| 260 |
_bBPB Publications _c2008 |
||
| 082 |
_a658.404 _bKOI |
||
| 300 | _a202 | ||
| 546 | _aENGLISH | ||
| 999 |
_c33674 _d33674 |
||